पर्यावरण-परिचयः (Record no. 168859)

MARC details
000 -LEADER
fixed length control field 01300nam a22002297a 4500
005 - DATE AND TIME OF LATEST TRANSACTION
control field 20191030142144.0
010 ## - LCCN (DPL NO)
LC control number B-730633
020 ## - INTERNATIONAL STANDARD BOOK NUMBER
International Standard Book Number 8189377043
Terms of availability 300.00
035 ## - SYSTEM CONTROL NUMBER
System control number B-730633
037 ## - SOURCE OF ACQUISITION
Source of stock number/acquisition डी.बी.ए.डी./ उपहार
082 ## - DEWEY DECIMAL CLASSIFICATION NUMBER
Classification number 821
100 ## - MAIN ENTRY--PERSONAL NAME
Personal name तिवारी, वंशीधर "विश्ववल्लभ"
245 ## - TITLE STATEMENT
Title पर्यावरण-परिचयः
Remainder of title (बाल-कविताएं) /
Statement of responsibility, etc वंशीधर तिवारी, "विश्ववल्लभ"
246 ## - VARYING FORM OF TITLE
Title proper/short title पर्यावरण-परिचयः
260 ## - PUBLICATION, DISTRIBUTION, ETC. (IMPRINT)
Place of publication, distribution, etc दिल्ली
Name of publisher, distributor, etc एरागाँन पबिलशर्स एण्ड डिस्ट्रीब्यूट्रर्स
Date of publication, distribution, etc 2017
270 ## - ADDRESS
Address अप्पर ग्राउंड फ्लोर, 1376, कश्मीरी गेट
City दिल्ली
Postal code 110032
300 ## - PHYSICAL DESCRIPTION
Extent 39 पृ.
Other physical details सचित्र
Dimensions 24 सें.मी. (सजिल्द)
650 ## - SUBJECT ADDED ENTRY--TOPICAL TERM
Topical term or geographic name as entry element बाल-कविताएं
700 ## - ADDED ENTRY--PERSONAL NAME
Personal name तिवारी, वंशीधर "विश्ववल्लभ"
9 (RLIN) 39741
942 ## - ADDED ENTRY ELEMENTS (KOHA)
Source of classification or shelving scheme Dewey Decimal Classification
Item type Children Books
Classification part 821
Call number suffix तिवारी
Holdings
Withdrawn status Lost status Not for loan Collection code Home library Current library Date acquired Source of acquisition Cost, normal purchase price Full call number Barcode Copy number Cost, replacement price Koha item type Public note
      Non-fiction Kadipur Kadipur 30/10/2019 उपहार/22.10.2019 300.00 821 तिवारी B-730633 1 300.00 Children Books उपहार

© Delhi Public Library
Hit Counter
free hit counter